000 01093nam a2200277 i 4500
003 DO-SdBNP
005 20241011145023.0
007 ta
008 241010s2002 s
020 _a9993482331
040 _aDO-SdBNP
_bspa
_cBNPHU
_erda
082 4 _aRD863.3
_bP418c
_222
100 1 _aPenson, César Nicolás,
_d1855-1901
_eautor
_4aut.
_96475
245 0 0 _aCosas añejas :
_b[edición escolar] /
_cCésar Nicolás Penson
264 4 _aSanto Domingo :
_bEditorial ABC,
_c2002.
300 _a236 páginas ;
_c22 cm.
336 _atexto
_btxt
_2rdacontent
337 _asin mediación
_bn
_2rdamedia
338 _avolumen
_bnc
_2rdacarrier
505 _aDrama horrendo 7|Bajo cabello o un rasgo audaz 22|Barriga verde 33|La muerte del padre Canales 50|Profanación! 73|Entre dos miedos 83|El martirio por la honra 92|Los tres que echaron a Pedro entre el pozo 121|Muerte por muerte 144|El Santo y la colmena 176|Las vírgenes de Galindo 182
590 _aInventariado, 2024/ DG
650 4 _aCuentos dominicanos
_986682
650 4 _aLiteratura dominicana
910 _aDG
942 _2ddc
_cLBS1
999 _c57818
_d57818